Normal view MARC view

Entry Personal Name

Number of records used in: 2

001 - CONTROL NUMBER

  • control field: 59116

003 - CONTROL NUMBER IDENTIFIER

  • control field: dpl

005 - DATE AND TIME OF LATEST TRANSACTION

  • control field: 20231128123312.0

008 - FIXED-LENGTH DATA ELEMENTS

  • fixed length control field: 231128|| aca||aabn | a|a d

040 ## - CATALOGING SOURCE

  • Original cataloging agency: dpl
  • Transcribing agency: dpl

100 ## - HEADING--PERSONAL NAME

  • Personal name: जेठू,बजरंगलाल

670 ## - SOURCE DATA FOUND

  • Source citation: Work cat.: (dpl)199259: जेठू,बजरंगलाल , वैकल्पिक चिकित्सा पद्धतियाँ/ , 2020

© Delhi Public Library
Hit Counter
free hit counter